LEADER 04232nam 2200409 450 001 9910647229803321 005 20230323192424.0 010 $a3-0365-6377-6 035 $a(CKB)5680000000300048 035 $a(NjHacI)995680000000300048 035 $a(EXLCZ)995680000000300048 100 $a20230323d2023 uy 0 101 0 $aeng 135 $aur||||||||||| 181 $ctxt$2rdacontent 182 $cc$2rdamedia 183 $acr$2rdacarrier 200 00$aRobust Design Optimization of Electrical Machines and Devices /$fby Tama?s Orosz, David Pa?nek, Anton Rasso?lkin (editors) 210 1$a[Place of publication not identified] :$cMDPI - Multidisciplinary Digital Publishing Institute,$d2023. 215 $a1 online resource (228 pages) 311 $a3-0365-6376-8 327 $aRobust Design Optimization of Electrical Machines and Devices 1 -- Robust and Multi-Objective Pareto Design of a Solenoid 5 -- A Multi-Objective Design Optimization for a Permanent Magnet Synchronous Machine with Hairpin Winding Intended for Transport Applications 21 -- Analytical Study and Comparison of Electromagnetic Characteristics of 8-Pole 9-Slot and 8-Pole 12-Slot Permanent Magnet Synchronous Machines Considering Rotor Eccentricity 35 -- On the Optimal Selection of Flux Barrier Reconfiguration for a Five-Phase Permanent Magnet Assisted Synchronous Reluctance Machine for Low-Torque Ripple Application 45 -- Power Quality Monitoring Strategy Based on an Optimized Multi-Domain Feature Selection for the Detection and Classification of Disturbances in Wind Generators 61 -- The Structural and Dielectric Properties of Bi3?xNdxTi1.5W0.5O9 (x = 0.25, 0.5, 0.75, 1.0) 87 -- Assessment of Thermophysical Performance of Ester-Based Nanofluids for Enhanced Insulation Cooling in Transformers 99 -- Comparison of Mechanical and Low-Frequency Dielectric Properties of Thermally and Thermo-Mechanically Aged Low Voltage CSPE/XLPE Nuclear Power Plant Cables 113 -- Optimization of a 3D-Printed Permanent Magnet Coupling Using Genetic Algorithm and Taguchi Method 129 -- A Computationally Efficient Model Predictive Current Control of Synchronous Reluctance Motors Based on Hysteresis Comparators 145 -- A Modified Dynamic Model of Single-Sided Linear Induction Motors Considering Longitudinal and Transversal Effects 159 -- A Novel, Improved Equivalent Circuit Model for Double-Sided Linear Induction Motor 173 -- Performance Comparison of Quantized Control Synthesis Methods of Antenna Arrays 189 -- Application of Particle Swarm Optimization in the Design of an ICT High-Voltage Power Supply with Dummy Primary Winding 207. 330 $aThis reprint contains fourteen chosen articles on robust design optimization of electrical machines and devices. Optimization is essential for the research and design of electromechanical devices, especially electrical machines. Finding optimal solutions may lead to cheaper and more efficient production of electrical machines. However, optimizing such a complex system as an electrical machine is a computationally expensive optimization problem, where many physical domains should be considered together. However, a good, practical design should be insensitive to parameter changes and the manufacturing tolerances. The collected papers show how modern artificial intelligence (AI) tools can be used for the robust design optimization of electric machines and electrical devices. The articles which are published in this Special Issue present the latest results of current research fields. Hopefully, the presented models and various application fields will provide useful information for researchers and professionals interested in these techniques themselves or who have other problems from different fields. 606 $aMathematical optimization 606 $aRobust optimization 615 0$aMathematical optimization. 615 0$aRobust optimization. 676 $a519.3 702 $aOrosz$b Tama?s 702 $aPa?nek$b David 702 $aRasso?lkin$b Anton 801 0$bNjHacI 801 1$bNjHacl 906 $aBOOK 912 $a9910647229803321 996 $aRobust Design Optimization of Electrical Machines and Devices$93017827 997 $aUNINA LEADER 06041nam 22006255 450 001 9910427673703321 005 20251113190524.0 010 $a3-030-63031-5 024 7 $a10.1007/978-3-030-63031-7 035 $a(CKB)4100000011568988 035 $a(DE-He213)978-3-030-63031-7 035 $a(MiAaPQ)EBC6389915 035 $a(PPN)252506871 035 $a(EXLCZ)994100000011568988 100 $a20201111d2020 u| 0 101 0 $aeng 135 $aurnn|008mamaa 181 $ctxt$2rdacontent 182 $cc$2rdamedia 183 $acr$2rdacarrier 200 10$aChinese Computational Linguistics $e19th China National Conference, CCL 2020, Hainan, China, October 30 ? November 1, 2020, Proceedings /$fedited by Maosong Sun, Sujian Li, Yue Zhang, Yang Liu, Shizhu He, Gaoqi Rao 205 $a1st ed. 2020. 210 1$aCham :$cSpringer International Publishing :$cImprint: Springer,$d2020. 215 $a1 online resource (XVI, 482 p. 277 illus., 107 illus. in color.) 225 1 $aLecture Notes in Artificial Intelligence,$x2945-9141 ;$v12522 300 $aIncludes index. 311 08$a3-030-63030-7 327 $aFundamental Theory and Methods of Computational Linguistics -- A Joint Model for Graph-based Chinese Dependency Parsing -- Semantic-aware Chinese Zero Pronoun Resolution with Pre-trained Semantic Dependency Parser -- Improving Sentence Classification by Multilingual Data Augmentation and Consensus Learning -- Information Retrieval, Dialogue and Question Answering -- Attention-Based Graph Neural Network with Global Context Awareness for Document Understanding -- Combining Impression Feature Representation for Multi-turn Conversational Question Answering -- Text Generation and Summarization -- Chinese Long and Short Form Choice Exploiting Neural Network Language Modeling Approaches -- Refining Data for Text Generation -- Plan-CVAE: A Planning-based Conditional Variational Autoencoder for Story Generation -- Knowledge Graph and Information Extraction -- Towards Causal Explanation Detection with Pyramid Salient-Aware Network -- Named Entity Recognition with Context-AwareDictionary Knowledge -- Chinese Named Entity Recognition via Adaptive Multi-pass Memory Network with Hierarchical Tagging Mechanism -- A Practice of Tourism Knowledge Graph Construction based on Heterogeneous Information -- A Novel Joint Framework for Multiple Chinese Events Extraction -- Entity Relative Position Representation based Multi-head Selection for Joint Entity and Relation Extraction -- Machine Translation and Multilingual Information Processing -- A Mixed Learning Objective for Neural Machine Translation -- Multi-Reward based Reinforcement Learning for Neural Machine Translation -- Minority Language Information Processing -- Low-Resource Text Classification via Cross-lingual Language Model Fine-tuning -- Constructing Uyghur Name Entity Recognition System using Neural Machine Translation Tag Projection -- Recognition Method of Important Words in Korean Text based on Reinforcement Learning -- Mongolian Questions Classification Based on Multi-Head Attention -- Language Resource and Evaluation -- The Annotation Scheme of English-Chinese Clause Alignment Corpus -- Categorizing Offensive Language in Social Networks: A Chinese Corpus, Systems and an Explainable Tool -- LiveQA: A Question Answering Dataset over Sports Live -- Chinese and English Elementary Discourse Units Recognition based on Bi-LSTM-CRF Model -- Social Computing and Sentiment Analysis -- Better Queries for Aspect-Category Sentiment Classification -- Multimodal Sentiment Analysis with Multi-perspective Fusion Network Focusing on Sense Attentive Language -- CAN-GRU: a Hierarchical Model for Emotion Recognition in Dialogue -- A Joint Model for Aspect-Category Sentiment Analysis with Shared Sentiment Prediction Layer -- NLP Applications -- Compress Polyphone Pronunciation Prediction Model with Shared Labels -- Multi-task Legal Judgement Prediction Combining a Subtask of Seriousness of Charge -- Clickbait Detection with Style-aware Title Modeling and Co-attention -- Konwledge-EnabledDiagnosis Assistant Based on Obstetric EMRs and Knowledge Graph -- Reusable Phrase Extraction Based on Syntactic Parsing -- WAE_RN: Integrating Wasserstein Autoencoder and Relational Network for Text Sequence. 330 $aThis book constitutes the proceedings of the 19th China National Conference on Computational Linguistics, CCL 2020, held in Hainan, China, in October/November 2020. The 32 full and 2 short papers presented in this volume were carefully reviewed and selected from 99 submissions. They were organized in topical sections named: fundamental theory and methods of computational linguistics; information retrieval, dialogue and question answering; text generation and summarization; knowledge graph and information extraction; machine translation and multilingual information processing; minority language information processing; language resource and evaluation; social computing and sentiment analysis; and NLP applications. 410 0$aLecture Notes in Artificial Intelligence,$x2945-9141 ;$v12522 606 $aNatural language processing (Computer science) 606 $aMachine learning 606 $aData mining 606 $aDatabase management 606 $aNatural Language Processing (NLP) 606 $aMachine Learning 606 $aData Mining and Knowledge Discovery 606 $aDatabase Management 615 0$aNatural language processing (Computer science) 615 0$aMachine learning. 615 0$aData mining. 615 0$aDatabase management. 615 14$aNatural Language Processing (NLP). 615 24$aMachine Learning. 615 24$aData Mining and Knowledge Discovery. 615 24$aDatabase Management. 676 $a006.31 702 $aSun$b Maosong 801 0$bMiAaPQ 801 1$bMiAaPQ 801 2$bMiAaPQ 906 $aBOOK 912 $a9910427673703321 996 $aChinese Computational Linguistics$91905564 997 $aUNINA